| 000 | 00688nam a2200265Ia 4500 | ||
|---|---|---|---|
| 001 | Para_9019 | ||
| 003 | CHAP | ||
| 008 | 220125s2004 xx 000 0 und d | ||
| 010 | _a207797 | ||
| 040 | _cCHAP | ||
| 082 | _aPA 646.7 H3 | ||
| 100 |
_aHay, Louise L. _9174288 |
||
| 245 |
_aEl poder está dentro de ti / _c por Louise L. Hay |
||
| 260 |
_aMéxico, D.F. : _b Diana |
||
| 300 | _a246 p. | ||
| 650 |
_aMotivación (psicología) _979090 |
||
| 650 |
_aSuperación personal _9143097 |
||
| 901 | _aPA 646.7 H3 | ||
| 902 | _aA | ||
| 905 | _a0000002004 0000000000 00 | ||
| 910 | _a2004 | ||
| 942 | _cPARA | ||
| 942 |
_cPARA _d1 |
||
| 999 |
_c207797 _d207797 |
||